Grenze

Salvato in:
Dettagli Bibliografici
Autore principale: Chmelárová Marková, Hana, 1981-
Natura: Capitolo di libro
Lingua:tedesco
Tags: Aggiungi Tag
Nessun Tag, puoi essere il primo ad aggiungerne!!

MARC

LEADER 00000naa$a2200000$$$4500
001 0215212
005 20240502073607.0
041 0 |a ger 
044 |a SK 
245 1 0 |a Grenze  |c Hana Chmelárová Marková ; Preklad: Hana Chmelárová Marková 
100 1 |a Chmelárová Marková, Hana, 1981- 
700 1 |a Chmelárová Marková, Hana, 1981-